000 00383nam a2200121Ia 4500
008 231129s9999||||xx |||||||||||||| ||spa||
020 _a978-958-44-1557-8
082 _aER- 443
100 _aOsorio Valencia Julián
245 0 _aPereira: imágenes de ciudad
264 _aPereira: Fondo Editorial Gobernación de Risaralda 2007
942 _2ddc
_cBKS
999 _c22671
_d22671